Logo

Description automatically generated
विद्यार्जन
 संसाधन केंद्र, भारतीय प्रौद्योगिकी संस्थान इन्दौर
Learning Resource Center, Indian Institute of Technology Indore

ऑनलाइन सार्वजनिक अभिगम प्रसूची
Online Public Access Catalogue (OPAC)

Ten Upanishads of four Vedas (Record no. 57295)

MARC details
000 -LEADER
fixed length control field 00582nam a2200217Ia 4500
005 - DATE AND TIME OF LATEST TRANSACTION
control field 20260629163254.0
008 - FIXED-LENGTH DATA ELEMENTS--GENERAL INFORMATION
fixed length control field 260629s9999||||xx |||||||||||||| ||und||
020 ## - INTERNATIONAL STANDARD BOOK NUMBER
International Standard Book Number 8172762984
Qualifying information hb
020 ## - INTERNATIONAL STANDARD BOOK NUMBER
International Standard Book Number 9788172762988
Qualifying information hb
082 ## - DEWEY DECIMAL CLASSIFICATION NUMBER
Classification number 294.59218
Item number PIP
100 ## - MAIN ENTRY--PERSONAL NAME
Personal name Piparaiya, Ram K. [ed.]
245 #0 - TITLE STATEMENT
Title Ten Upanishads of four Vedas
260 ## - PUBLICATION, DISTRIBUTION, ETC.
Place of publication, distribution, etc. Mumbai
Name of publisher, distributor, etc. Bharatyia Vidya Bhavan / INDUSvista
Date of publication, distribution, etc. 2003
300 ## - PHYSICAL DESCRIPTION
Extent 610p. ; 27cm.
653 ## - INDEX TERM--UNCONTROLLED
Uncontrolled term Hindu philosophy
653 ## - INDEX TERM--UNCONTROLLED
Uncontrolled term Sacred books of Hinduism
653 ## - INDEX TERM--UNCONTROLLED
Uncontrolled term Upanishads
653 ## - INDEX TERM--UNCONTROLLED
Uncontrolled term Vedanta
653 ## - INDEX TERM--UNCONTROLLED
Uncontrolled term Vedas
942 ## - ADDED ENTRY ELEMENTS (KOHA)
Koha item type Book
Holdings
Withdrawn status Lost status Damaged status Not for loan Home library Current library Shelving location Date acquired Source of acquisition Total Checkouts Full call number Barcode Date last seen Price effective from Koha item type
        LRC, IIT Indore LRC, IIT Indore 3rd Floor - General Stack 29/06/2026 Gratis Book Price: INR 850.00   294.59218 PIP G2520 29/06/2026 29/06/2026 Book
Copyright © 2017-2026 Indian Institute of Technology Indore. All Rights Reserved.
Managed & maintained by Learning Resource Center, IIT Indore